| LEADER | 01831nam a2200265 4500 | ||
|---|---|---|---|
| 082 | |a 807 |b NG527TH | ||
| 100 | |a Nguyễn Thục Phương | ||
| 245 | |a Những bài làm văn chọn lọc lớp 8 |c Nguyễn Thục Phương | ||
| 260 | |a Tp HCM |b Tổng Hợp |c 2004 | ||
| 300 | |a 151 tr. |c 21 cm | ||
| 520 | |a v.v... | ||
| 653 | |a Văn học | ||
| 653 | |a Làm văn | ||
| 653 | |a lớp 8 | ||
| 942 | |2 ddc |c STK0 | ||
| 999 | |c 9842 |d 9842 | ||
| 952 | |0 0 |1 0 |2 ddc |4 0 |6 807_000000000000000_NG527TH |7 0 |8 800 |9 77553 |a qbu |b qbu |c D5 |d 2015-06-11 |g 12000 |o 807 NG527TH |p 9376.c1 |r 0000-00-00 |w 2015-06-11 |y STK0 | ||
| 952 | |0 0 |1 0 |2 ddc |4 0 |6 807_000000000000000_NG527TH |7 0 |8 800 |9 77554 |a qbu |b qbu |c D5 |d 2015-06-11 |g 12000 |o 807 NG527TH |p 9376.c2 |r 0000-00-00 |w 2015-06-11 |y STK0 | ||
| 952 | |0 0 |1 0 |2 ddc |4 0 |6 807_000000000000000_NG527TH |7 0 |8 800 |9 77555 |a qbu |b qbu |c D5 |d 2015-06-11 |g 12000 |o 807 NG527TH |p 9376.c3 |r 0000-00-00 |w 2015-06-11 |y STK0 | ||
| 952 | |0 0 |1 0 |2 ddc |4 0 |6 807_000000000000000_NG527TH |7 0 |8 800 |9 77556 |a qbu |b qbu |c D5 |d 2015-06-11 |g 12000 |o 807 NG527TH |p 9376.c4 |r 0000-00-00 |w 2015-06-11 |y STK0 | ||
| 952 | |0 0 |1 0 |2 ddc |4 0 |6 807_000000000000000_NG527TH |7 0 |8 800 |9 77557 |a qbu |b qbu |c D5 |d 2015-06-11 |g 12000 |o 807 NG527TH |p 9376.c5 |r 0000-00-00 |w 2015-06-11 |y STK0 | ||
| 952 | |0 0 |1 0 |2 ddc |4 0 |6 807_000000000000000_NG527TH |7 0 |8 800 |9 77558 |a qbu |b qbu |c D5 |d 2015-06-11 |g 12000 |o 807 NG527TH |p 9376.c6 |r 0000-00-00 |w 2015-06-11 |y STK0 | ||
| 952 | |0 0 |1 0 |2 ddc |4 0 |6 807_000000000000000_NG527TH |7 0 |8 800 |9 77559 |a qbu |b qbu |c D5 |d 2015-06-11 |g 12000 |o 807 NG527TH |p 9376.c7 |r 0000-00-00 |w 2015-06-11 |y STK0 | ||
| 952 | |0 0 |1 0 |2 ddc |4 0 |6 807_000000000000000_NG527TH |7 0 |8 800 |9 77560 |a qbu |b qbu |c D5 |d 2015-06-11 |g 12000 |o 807 NG527TH |p 9376.c8 |r 0000-00-00 |w 2015-06-11 |y STK0 | ||
| 952 | |0 0 |1 0 |2 ddc |4 0 |6 807_000000000000000_NG527TH |7 0 |8 800 |9 77561 |a qbu |b qbu |c D5 |d 2015-06-11 |g 12000 |o 807 NG527TH |p 9376.c9 |r 0000-00-00 |w 2015-06-11 |y STK0 | ||